Recopilación de leyes por orden numérico
Guardat en:
| Autor corporatiu: | |
|---|---|
| Format: | Llibre |
| Idioma: | espanyol |
| Publicat: |
Santiago
Imprenta i Encuadernación Chile
1914
|
| Matèries: | |
| Etiquetes: |
Afegir etiqueta
Sense etiquetes, Sigues el primer a etiquetar aquest registre!
|
MARC
| LEADER | 00000nam a2200000 a 4500 | ||
|---|---|---|---|
| 001 | UCR1596 | ||
| 003 | CL-VaPUC | ||
| 008 | 971219e19140000CL |||||||||||||||||spa|d | ||
| 082 | 0 | 4 | |a 348.022 |b CON |2 21 |
| 110 | 2 | |a Consejo de Estado |e author |9 398878 | |
| 245 | 1 | 0 | |a Recopilación de leyes por orden numérico |
| 300 | |a t | ||
| 942 | |c BK | ||
| 945 | |d 19971219 00:00:00 |a lriquelm | ||
| 260 | |a Santiago |b Imprenta i Encuadernación Chile |c 1914 | ||
| 500 | |a Contiene la ley N§ 2.651 a la ley N§ 2.888 | ||
| 500 | |a Donación profesor Fernando Recio Olguín | ||
| 650 | 7 | |a LEGISLACION |2 CL-VaPUC |9 398879 | |
| 650 | 0 | |a Leyes |9 256670 | |
| 650 | 7 | |a FUENTES |2 CL-VaPUC |9 255666 | |
| 650 | 7 | |a DERECHO CHILENO |2 CL-VaPUC |9 398880 | |
| 651 | 7 | |a CHILE |2 CL-VaPUC |9 398881 | |
| 583 | |a last modification |c 19971219 00:00:00 |k Rodrigo Vera | ||
| 999 | |c 264997 |d 264995 | ||
| 952 | |0 0 |1 0 |2 ddc |4 0 |5 1 |6 348_022000000000000_CON_1914 |7 4 |8 C_LRYV |9 295729 |a FDOBRV |b BIBDER |d 2019-11-20 |h t.7 |i 1908065 |o 348.022 CON 1914 |p 1908065 |r 2023-01-25 |w 2019-11-20 |y BK_X |k BRV | ||
| 952 | |0 0 |1 0 |4 0 |6 348_022000000000000_CON_1914 |7 0 |8 X |9 295730 |a BIBHIS |b BIBHIS |d 2019-11-20 |h t.7 |i 2129523 |o 348.022 CON 1914 |p 2129523 |r 2024-01-30 |w 2019-11-20 |y BK_X |k HIS | ||